LEADER 00920nam a2200241 i 4500 001 000000085334 003 CaOOAMICUS 005 20180830145957.0 008 180830s1953 xx u000 u und u 013 $a57574 020 $a88-7016- 040 $aSeMil$bita 100 1 $aJüngel, Eberhard,$d<1934-2021>.$0(OLS)http://semarc/name/3445 245 13$aIl battesimo nel pensiero di Karl Barth. 260 $aTorino :$bClaudiana,$c1953. 300 $a165 p. 600 14$aBarth, Karl <1886-1968>.$0(OLS)http://semarc/subject/5748 650 4$aBattesimo.$0(OLS)http://semarc/subject/7352 850 $aSeMil 852 $aSeMil$W1$xVenegono$y1$m50 10 20 *$j49364$B49364$CSeMilBibl$Z2$F52933 $81 996 $6020$a88-7016-$9(OLS)http://semarc/number/65694 996 $6245$aIl battesimo nel pensiero di Karl Barth$9(OLS)http://semarc/title/131895 996 $6260$aTorino :$bClaudiana$9(OLS)http://semarc/publisher/29837 LEADER 00984nam a2200217 i 4500 001 000000017977 003 CaOOAMICUS 005 20180830125443.0 008 180830s1920 xxk u000 u und u 040 $aSeMil$bita 245 14$aThe beginnings of christianity. 260 $aLondon :$bMacmillan and Co.,$c1920. 300 $av. ;$c23 cm. 650 4$aCristianesimo - Origini.$0(OLS)http://semarc/subject/1287 650 4$aGiudaismo.$0(OLS)http://semarc/subject/2880 650 4$aBibbia. Nuovo Testamento - Commentari, studi, critica, interpretazioni.$0(OLS)http://semarc/subject/184 774 0 $tActs of the apostles.$dLondon : Macmillan and Co., 1920.$gPt. 1$w()17978 774 0 $tProlegomena 1..$dLondon : Macmillan and Co., 1920.$g1$w()187276 774 0 $tProlegomena 2..$dLondon : Macmillan and Co., 1922.$g1$w()187282 996 $6245$aThe beginnings of christianity$9(OLS)http://semarc/title/23741 996 $6260$aLondon :$bMacmillan and Co.$9(OLS)http://semarc/publisher/31520